Sovrani di Milano - Statistics

Statistiche generali
  • Questo quiz è stato fatto 30 volte
  • Il punteggio medio è 16 su 32
Statistiche sulle risposte
Regno Sovrano Famiglia % Corretto
1450-1466 Francesco I Sforza
89%
1521-1535 Francesco II Sforza
89%
1792-1796 Francesco III Asburgo-Lorena
89%
1322-1328 Galeazzo I Visconti
78%
1355-1378 Galeazzo II Visconti
78%
1466-1476 Galeazzo Maria Sforza
78%
1385-1402 Gian Galeazzo Visconti
72%
1476-1494 Gian Galeazzo Maria Sforza
72%
1494-1500 Ludovico Maria Sforza
72%
1500-1511 Carlo d'Amboise Occupazione Francese
67%
1516-1517 Carlo di Montpensier Occupazione Francese
67%
1665-1700 Carlo I Asburgo
67%
1714-1740 Carlo II Asburgo
67%
1349-1354 Giovanni Visconti
61%
1402-1412 Giovanni Maria Visconti
61%
1540-1598 Filippo II Asburgo
50%
1598-1621 Filippo III Asburgo
50%
1621-1665 Filippo IV Asburgo
50%
1412-1447 Filippo Maria Visconti
50%
1700-1714 Filippo V Borbone
50%
1780-1790 Giuseppe Asburgo-Lorena
44%
1790-1792 Leopoldo Asburgo-Lorena
39%
1740-1780 Maria Teresa Asburgo
33%
1512-1515 Massimiliano Sforza
28%
1287-1322 Matteo I Visconti
28%
1354-1355 Matteo II Visconti
28%
1378-1385 Bernabò Visconti
17%
1328-1339 Azzone Visconti
6%
1511-1512 Gaston de Foix-Nemours Occupazione Francese
6%
1339-1349 Luchino Visconti
6%
1517-1522 Odet de Foix Occupazione Francese
6%
1277-1287 Ottone Visconti
6%
Nessun quiz corrispondente trovato
Distribuzione punteggi
Percentuale di utenti per punteggio
Percentile per numero di risposta
I tuoi punteggi nel tempo
Non hai fatto questo quiz